[Event "Barcelona Catalunya op 26th"]
[Site "Barcelona"]
[Date "2014.09.27"]
[Round "1"]
[White "Monteagudo Aguilera, Maximo"]
[Black "Aunes Cabanero, Jose"]
[Result "1/2-1/2"]
[WhiteElo "1937"]
[BlackElo "1700"]
[PlyCount "113"]
[EventDate "2014.09.27"]
[EventType "swiss"]
[EventRounds "9"]
[EventCountry "ESP"]
[SourceTitle "OM OTB B 201907"]
[Source "Opening Master"]
[SourceDate "2019.07.06"]
[SourceVersion "2"]
[SourceVersionDate "2019.07.06"]
[SourceQuality "1"]

1. e4 e5 2. Nf3 Nc6 3. c3 Nf6 4. d4 d6 5. Bc4 Be7 6. Qc2 O-O 7. h3 exd4 8. Nxd4
Ne5 9. Bb3 c5 10. f4 cxd4 11. fxe5 dxe5 12. cxd4 Qxd4 13. Nc3 Bb4 14. Bd2 Be6
15. O-O-O Bxb3 16. Qxb3 Rac8 17. Kb1 Bxc3 18. Bxc3 Qxe4+ 19. Ka1 Rfd8 20. Rde1
Qd5 21. Rxe5 Qxb3 22. axb3 Nd5 23. Rhe1 f6 24. Re6 Nxc3 25. bxc3 Rxc3 26. Kb2
Rcc8 27. Re7 Rb8 28. Rc7 Rd2+ 29. Kc3 Rxg2 30. Ree7 Rg3+ 31. Kb4 h5 32. h4 Rg4+
33. Kc3 a5 34. Rc5 b6 35. Rxh5 Rc8+ 36. Kb2 a4 37. Rb5 axb3 38. Rxb6 Rxh4 39.
Kxb3 Rh3+ 40. Kb2 Rd8 41. Kc2 Rc8+ 42. Kd2 Ra8 43. Rb2 Rh2+ 44. Re2 Rxe2+ 45.
Kxe2 Ra3 46. Kf2 g5 47. Rb7 Ra5 48. Kf3 Rf5+ 49. Kg3 Rf1 50. Kg4 Rf4+ 51. Kh5
Kf8 52. Ra7 Rh4+ 53. Kg6 g4 54. Kxf6 Ke8 55. Rg7 Rh6+ 56. Kf5 Kf8 57. Rxg4
1/2-1/2

[Event "FICS rated standard game"]
[Site "FICS freechess.org"]
[Date "2014.09.26"]
[Round "?"]
[White "MichaelKline"]
[Black "Namhorrun"]
[Result "0-1"]
[WhiteElo "2020"]
[BlackElo "2049"]
[PlyCount "20"]
[EventDate "2014.??.??"]
[SourceTitle "OM Portal C 201906"]
[Source "Opening Master"]
[SourceDate "2019.06.27"]
[SourceVersion "1"]
[SourceVersionDate "2019.06.27"]
[SourceQuality "1"]

1. e4 e5 2. Nf3 Nc6 3. c3 d5 4. Qa4 Qd6 5. exd5 Qxd5 6. Bb5 Bd7 7. O-O Nge7 8.
Bc4 Na5 9. Bxd5 Bxa4 10. Be4 f5 0-1

[Event "Wch U12 Girls"]
[Site "Durban"]
[Date "2014.09.25"]
[Round "7"]
[White "Allam, Yara"]
[Black "Vittal, Sanjana"]
[Result "1-0"]
[WhiteElo "1494"]
[BlackElo "1675"]
[PlyCount "104"]
[EventDate "2014.09.20"]
[EventType "swiss"]
[EventRounds "11"]
[EventCountry "RSA"]
[SourceTitle "CBM 162 Extra"]
[Source "ChessBase"]
[SourceDate "2014.10.17"]
[SourceVersion "1"]
[SourceVersionDate "2014.10.17"]
[SourceQuality "1"]

1. e4 e5 2. Nf3 Nc6 3. c3 d5 4. Qa4 Nf6 5. Nxe5 Bd6 6. exd5 Bxe5 7. dxc6 O-O 8.
Be2 Re8 9. O-O Bxh2+ 10. Kxh2 Rxe2 11. Kg1 Re4 12. d4 Qd6 13. Nd2 Ng4 14. Nf3
bxc6 15. Bd2 Bd7 16. Qa5 h6 17. Rfe1 Rae8 18. Qxa7 Re2 19. Qc5 Nxf2 20. Qxd6
cxd6 21. Rxe2 Rxe2 22. Kf1 Rxd2 23. Nxd2 Nd3 24. b3 d5 25. a4 Bc8 26. a5 Ba6
27. Kg1 Kf8 28. Nf3 Ke7 29. Ne5 Nxe5 30. dxe5 Ke6 31. Re1 h5 32. Kf2 g5 33. Kg3
Kf5 34. Kf3 h4 35. Ke3 Kxe5 36. Kd2+ Kd6 37. Re8 f5 38. Rf8 Ke5 39. Ra8 Bb7 40.
Ra7 Bc8 41. Rc7 Ba6 42. Rxc6 Bb7 43. Rb6 Ba8 44. a6 g4 45. a7 f4 46. Rb8 Bc6
47. a8=Q Bxa8 48. Rxa8 f3 49. gxf3 g3 50. Ke2 h3 51. b4 Kf4 52. Rf8+ Ke5 1-0

[Event "Carvalho Memorial op 9th"]
[Site "Juazeiro do Norte"]
[Date "2014.09.19"]
[Round "2"]
[White "Schade, Denise Patricia Oli"]
[Black "Carneiro, Jose Gildivan"]
[Result "0-1"]
[WhiteElo "1737"]
[BlackElo "1636"]
[PlyCount "86"]
[EventDate "2014.09.19"]
[EventType "swiss"]
[EventRounds "6"]
[EventCountry "BRA"]
[SourceTitle "CBM 162 Extra"]
[Source "ChessBase"]
[SourceDate "2014.10.17"]
[SourceVersion "1"]
[SourceVersionDate "2014.10.17"]
[SourceQuality "1"]

1. e4 e5 2. Nf3 Nc6 3. c3 Nf6 4. d3 d5 5. exd5 Nxd5 6. Qe2 Bd6 7. g3 O-O 8. Bg2
Re8 9. O-O Bg4 10. Nbd2 Nf6 11. Ne4 Nxe4 12. Qxe4 Qd7 13. Ng5 Bf5 14. Qe3 Be7
15. Ne4 Bh3 16. b3 Bxg2 17. Kxg2 Rad8 18. Rd1 f5 19. Nc5 Qd5+ 20. Ne4 fxe4 21.
Bb2 exd3+ 22. Kg1 Bc5 23. Qd2 Rf8 24. Rf1 Rf3 25. c4 Qf7 26. Rae1 Rf8 27. Kg2
Rxf2+ 28. Rxf2 Qxf2+ 29. Qxf2 Rxf2+ 30. Kh3 Rxb2 31. Rf1 d2 32. Kg4 Rc2 33. Kf5
Rc1 34. Rxc1 dxc1=Q 35. Ke6 Qh6+ 36. Kd5 Qd6+ 37. Ke4 Qd4+ 38. Kf5 Ne7+ 39. Kg5
Qf2 40. Kg4 Qxh2 41. b4 h5+ 42. Kf3 Qf2+ 43. Ke4 Qe3# 0-1

[Event "San Francisco TNM Jay Whitehead op"]
[Site "San Francisco"]
[Date "2014.09.16"]
[Round "7"]
[White "Gerwin, Gene"]
[Black "Steger, Alexander P"]
[Result "0-1"]
[WhiteElo "1906"]
[BlackElo "2029"]
[PlyCount "54"]
[EventDate "2014.08.05"]
[EventType "swiss"]
[EventRounds "9"]
[EventCountry "USA"]
[SourceTitle "EXT 2016"]
[Source "ChessBase"]
[SourceDate "2015.10.10"]
[SourceVersion "1"]
[SourceVersionDate "2015.10.10"]
[SourceQuality "1"]

1. e4 e5 2. Nf3 Nc6 3. c3 Nge7 4. Be2 d5 5. d3 g6 6. O-O Bg7 7. Qc2 O-O 8. b4
a6 9. Bb2 h6 10. Nbd2 Be6 11. a3 Qd7 12. Rfe1 Rad8 13. Bf1 Rfe8 14. Rad1 Qd6
15. exd5 Nxd5 16. Nc4 Qf8 17. Ncxe5 Nxe5 18. Nxe5 Bf5 19. Nf3 Nf4 20. Rxe8 Qxe8
21. Ne1 Qc6 22. Bc1 Qd6 23. Qd2 Nd5 24. d4 Nf6 25. f3 Nd5 26. Nd3 Nxc3 27. Re1
Qxd4+ 0-1

[Event "Graz Land-ch"]
[Site "Graz"]
[Date "2014.09.12"]
[Round "5"]
[White "Poetz, Florian"]
[Black "Pretterhofer, Kiaras"]
[Result "1-0"]
[WhiteElo "2427"]
[BlackElo "1960"]
[PlyCount "57"]
[EventDate "2014.09.08"]
[EventType "swiss"]
[EventRounds "7"]
[EventCountry "AUT"]
[SourceTitle "CBM 162 Extra"]
[Source "ChessBase"]
[SourceDate "2014.10.17"]
[SourceVersion "1"]
[SourceVersionDate "2014.10.17"]
[SourceQuality "1"]

1. e4 e5 2. Nf3 Nc6 3. c3 Nf6 4. d4 Nxe4 5. d5 Bc5 6. dxc6 Bxf2+ 7. Ke2 bxc6 8.
Qa4 f5 9. Nbd2 O-O 10. Nxe4 fxe4 11. Qxe4 d5 12. Qxe5 Re8 13. Qxe8+ Qxe8+ 14.
Kxf2 Qe4 15. Be2 Bg4 16. Re1 Bxf3 17. Bxf3 Qh4+ 18. Kf1 Qxh2 19. Be3 Rf8 20.
Kf2 Qh4+ 21. Kg1 g5 22. Bf2 Qf4 23. Rad1 g4 24. Rd4 Qd6 25. Rxg4+ Kf7 26. Bd4
Rg8 27. Rxg8 Kxg8 28. Re8+ Kf7 29. Bh5+ 1-0

[Event "San Francisco TNM Jay Whitehead op"]
[Site "San Francisco"]
[Date "2014.09.09"]
[Round "6"]
[White "Gerwin, Gene"]
[Black "Harris, Clarence"]
[Result "1-0"]
[WhiteElo "1906"]
[BlackElo "1655"]
[PlyCount "41"]
[EventDate "2014.08.05"]
[EventType "swiss"]
[EventRounds "9"]
[EventCountry "USA"]
[SourceTitle "EXT 2016"]
[Source "ChessBase"]
[SourceDate "2015.10.10"]
[SourceVersion "1"]
[SourceVersionDate "2015.10.10"]
[SourceQuality "1"]

1. e4 e5 2. Nf3 Nc6 3. c3 d5 4. d3 Nf6 5. Qc2 Be7 6. b4 a6 7. a3 O-O 8. Be2 Bd7
9. O-O Re8 10. Re1 Bg4 11. Nbd2 Qd7 12. Bb2 b5 13. Bf1 dxe4 14. dxe4 Bd6 15. c4
bxc4 16. Bxc4 Be6 17. Rad1 Qe7 18. Bxe6 Qxe6 19. Qxc6 Nh5 20. Nc4 Nf4 21. Bxe5
1-0

[Event "Konradtirsdag Stjernen"]
[Site "Oslo"]
[Date "2014.09.09"]
[Round "6"]
[White "Johansen, Aleksander"]
[Black "Fuglesang, Michael W"]
[Result "0-1"]
[WhiteElo "1148"]
[BlackElo "1297"]
[PlyCount "120"]
[EventDate "2014.??.??"]

1. e4 e5 2. Nf3 Nc6 3. c3 d5 4. Bb5 Qd6 5. d4 exd4 6. e5 Qg6 7. O-O Bd7 8. Nxd4
Bc5 9. e6 fxe6 10. Bxc6 bxc6 11. Re1 Ne7 12. Bf4 Bd6 13. Be5 O-O 14. f4 Bxe5
15. fxe5 c5 16. Nf3 c4 17. Nbd2 Qd3 18. g4 c5 19. Qe2 Qxe2 20. Rxe2 Rab8 21. b3
cxb3 22. axb3 Rb7 23. Kg2 Ng6 24. Kg3 Bc6 25. Rf2 Rd7 26. Ra6 Rc7 27. Ng5 Rxf2
28. Kxf2 Nf8 29. Ke3 h6 30. Ngf3 d4+ 31. cxd4 Bxf3 32. Nxf3 cxd4+ 33. Nxd4 Kf7
34. Nc6 Nd7 35. Kd4 Nb6 36. Rxa7 Rxa7 37. Nxa7 Nd5 38. Nc8 g5 39. Nd6+ Kg6 40.
Nc4 h5 41. gxh5+ Kxh5 42. Ne3 Ne7 43. Ke4 Kh4 44. Kf3 Nc6 45. Ke4 Kh3 46. Nf1
Kg2 47. Ne3+ Kxh2 48. Ng4+ Kg3 49. Ne3 g4 50. Nxg4 Kxg4 51. Ke3 Kf5 52. Kd3
Kxe5 53. Ke3 Nb4 54. Kd2 Kd4 55. Ke2 e5 56. Kd2 e4 57. Ke2 e3 58. Kd1 Kd3 59.
Ke1 e2 60. Kf2 Kd2 0-1

[Event "Borup Skovbo op"]
[Site "Borup"]
[Date "2014.09.06"]
[Round "3"]
[White "Sorensen, Bernhard"]
[Black "Petersen, Henry"]
[Result "1-0"]
[WhiteElo "1684"]
[BlackElo "1455"]
[PlyCount "57"]
[EventDate "2014.09.05"]
[EventType "swiss"]
[EventRounds "9"]
[EventCountry "DEN"]
[SourceTitle "CBM 162 Extra"]
[Source "ChessBase"]
[SourceDate "2014.10.17"]
[SourceVersion "1"]
[SourceVersionDate "2014.10.17"]
[SourceQuality "1"]

1. e4 e5 2. Nf3 Nc6 3. c3 Nf6 4. d4 exd4 5. e5 Nd5 6. cxd4 Bb4+ 7. Bd2 Bxd2+ 8.
Nbxd2 Qe7 9. Bc4 Nb6 10. O-O O-O 11. Bd3 d6 12. Re1 Bg4 13. Qb3 dxe5 14. dxe5
Rfe8 15. h3 Be6 16. Qc2 g6 17. a3 Rad8 18. Rac1 a6 19. Bxa6 Bc8 20. Bb5 Bd7 21.
Nb3 Nd5 22. Nc5 b6 23. Nxd7 Na7 24. Nf6+ Nxf6 25. exf6 Qf8 26. Rxe8 Rxe8 27.
Bxe8 Qxe8 28. Qxc7 Nc8 29. Qxc8 1-0

[Event "POL-chT2"]
[Site "Szczyrk"]
[Date "2014.09.06"]
[Round "1.35"]
[White "Knopik, Krzysztof"]
[Black "Ciemniak, Krzysztof"]
[Result "0-1"]
[WhiteElo "2125"]
[BlackElo "1979"]
[PlyCount "48"]
[EventDate "2014.09.06"]
[EventType "team-swiss"]
[EventRounds "9"]
[EventCountry "POL"]
[SourceTitle "EXT 2015"]
[Source "ChessBase"]
[SourceDate "2014.11.20"]
[SourceVersion "1"]
[SourceVersionDate "2014.11.20"]
[SourceQuality "1"]

1. e4 e5 2. Nf3 Nc6 3. c3 d5 4. Bb5 dxe4 5. Nxe5 Qd5 6. Qa4 Nge7 7. Nxc6 Nxc6
8. O-O Bd7 9. c4 Qe5 10. Nc3 Bd6 11. g3 a6 12. Re1 O-O 13. Bxc6 Bxc6 14. Qb3
Qf5 15. Nd5 b5 16. Ne3 Qh3 17. Qc2 Rae8 18. b3 Re5 19. Nd5 Bxd5 20. cxd5 Rh5
21. Rxe4 Qxh2+ 22. Kf1 Rf5 23. d4 Qh1+ 24. Ke2 Rxf2+ 0-1

[Event "FICGS__CHESS__CLASS_C__000212"]
[Site "FICGS"]
[Date "2014.09.06"]
[Round "1"]
[White "Ilic, Slavisa"]
[Black "Cirulis, Ilmars"]
[Result "1-0"]
[WhiteElo "1605"]
[BlackElo "1654"]
[PlyCount "151"]
[EventDate "2014.??.??"]
[SourceTitle "OM Corr 202003"]
[Source "Opening Master"]
[SourceDate "2019.05.30"]
[SourceVersion "2"]
[SourceVersionDate "2019.05.30"]
[SourceQuality "1"]

1. e4 e5 2. Nf3 Nc6 3. c3 d5 4. Qa4 Nf6 5. Nxe5 Bd6 6. Nxc6 bxc6 7. d3 O-O 8.
Be2 Re8 9. Nd2 c5 10. O-O c4 11. d4 Nxe4 12. Nxe4 Rxe4 13. Bf3 Rh4 14. g3 Bd7
15. Qd1 c6 16. Re1 g6 17. gxh4 Qxh4 18. Re5 f6 19. Re3 Qxh2+ 20. Kf1 f5 21. Re2
f4 22. Ke1 g5 23. Kd2 g4 24. Qh1 Qxh1 25. Bxh1 f3 26. Re1 c5 27. dxc5 Bxc5 28.
Re5 Bxf2 29. Kc2 Rf8 30. Bh6 Rf6 31. Rg5+ Kf7 32. Rg7+ Ke8 33. Rg8+ Kf7 34.
Rf8+ Kg6 35. Rxf6+ Kxf6 36. Kd2 Bh4 37. Be3 a5 38. Bxf3 gxf3 39. Rh1 Bg3 40.
Rf1 Bf5 41. Rxf3 Bd6 42. Bf4 Bc5 43. Rg3 Kf7 44. a4 Be7 45. Bc7 Bd7 46. Ke3 Bf6
47. Rf3 Kg6 48. Kf4 Bg7 49. Bb6 Bxa4 50. Rg3+ Kf7 51. Bd4 Bxd4 52. cxd4 Bc2 53.
Rc3 Be4 54. Ra3 Kg6 55. Rxa5 Kh5 56. Ra6 Bc2 57. Re6 Be4 58. Re5+ Kg6 59. Kg4
Kf6 60. Rg5 Bf3+ 61. Kf4 Be4 62. Rg8 Kf7 63. Rg1 Kf6 64. Rf1 Bd3 65. Rf3 Be4
66. Rf2 Bf5 67. Rh2 Be4 68. Rh6+ Bg6 69. Kg4 Ke6 70. Kg5 Kf7 71. Rh3 Be4 72.
Ra3 Bg6 73. Ra7+ Ke6 74. Ra6+ Kf7 75. Rf6+ Kg7 76. Rd6 1-0

[Event "Lima Santisimo op"]
[Site "Lima"]
[Date "2014.09.05"]
[Round "6"]
[White "Arroyo, Luiggi"]
[Black "Cornejo Perales, Gianella"]
[Result "1-0"]
[WhiteElo "1568"]
[BlackElo "1410"]
[PlyCount "61"]
[EventDate "2014.08.30"]
[EventType "swiss"]
[EventRounds "8"]
[EventCountry "PER"]
[SourceTitle "CBM 162 Extra"]
[Source "ChessBase"]
[SourceDate "2014.10.17"]
[SourceVersion "1"]
[SourceVersionDate "2014.10.17"]
[SourceQuality "1"]

1. e4 e5 2. Nf3 Nc6 3. c3 Nf6 4. d4 Be7 5. d5 Nb8 6. Nxe5 O-O 7. Bd3 d6 8. Nf3
Bg4 9. Be3 Nbd7 10. Nbd2 a6 11. h3 Bh5 12. g4 Bg6 13. Qc2 h6 14. O-O-O b5 15.
Rdg1 Rb8 16. g5 hxg5 17. Bxg5 Nh7 18. Bxe7 Qxe7 19. h4 a5 20. h5 Bxe4 21. Bxe4
b4 22. Bxh7+ Kh8 23. h6 Qf6 24. hxg7+ Qxg7 25. Rxg7 Kxg7 26. Qf5 Rfd8 27. Ng5
Ne5 28. Ndf3 f6 29. Nxe5 dxe5 30. Qg6+ Kf8 31. Qf7# 1-0

[Event "Teheran ECO Cup"]
[Site "Teheran"]
[Date "2014.09.05"]
[Round "3"]
[White "Dzhumaev, Marat"]
[Black "Khusenkhojaev, Muhammad"]
[Result "1-0"]
[WhiteElo "2528"]
[BlackElo "2402"]
[PlyCount "53"]
[EventDate "2014.09.04"]
[EventType "tourn"]
[EventRounds "9"]
[EventCountry "IRI"]
[EventCategory "7"]
[SourceTitle "CBM 162 Extra"]
[Source "ChessBase"]
[SourceDate "2014.10.17"]
[SourceVersion "1"]
[SourceVersionDate "2014.10.17"]
[SourceQuality "1"]

1. e4 e5 2. Nf3 Nc6 3. c3 d5 4. Qa4 dxe4 5. Nxe5 Qd5 6. Nxc6 bxc6 7. d4 Bd7 8.
Be3 Nf6 9. Nd2 Bd6 10. h3 O-O 11. O-O-O c5 12. Qa6 cxd4 13. Bxd4 Qg5 14. Kb1
Bf5 15. Ka1 Nd7 16. Nc4 Nc5 17. Qa5 Qh5 18. g4 Bxg4 19. Rg1 Ne6 20. hxg4 Qh2
21. Bg2 Nxd4 22. cxd4 Rfe8 23. Ne3 g6 24. Nd5 Qh4 25. Qd2 c6 26. Rh1 e3 27.
Nxe3 1-0

[Event "Santa Cruz de Tenerife Verano op"]
[Site "Santa Cruz de Tenerife"]
[Date "2014.09.03"]
[Round "5"]
[White "Diaz Reyes, Franklin"]
[Black "Rodriguez Redondo, Adhara"]
[Result "0-1"]
[WhiteElo "1293"]
[BlackElo "1514"]
[PlyCount "88"]
[EventDate "2014.08.25"]
[EventType "swiss"]
[EventRounds "9"]
[EventCountry "ESP"]
[SourceTitle "CBM 162 Extra"]
[Source "ChessBase"]
[SourceDate "2014.10.17"]
[SourceVersion "1"]
[SourceVersionDate "2014.10.17"]
[SourceQuality "1"]

1. e4 e5 2. Nf3 Nc6 3. c3 Nf6 4. d4 exd4 5. e5 Nd5 6. cxd4 d6 7. Bc4 Nb6 8. Bb5
Bd7 9. exd6 Bxd6 10. Nc3 O-O 11. O-O Bg4 12. Be3 a6 13. Be2 Re8 14. h3 Bh5 15.
Re1 h6 16. Qd2 Qf6 17. Rad1 Bxf3 18. Bxf3 Rad8 19. Ne2 Bb4 20. Nc3 Nc4 21. Qe2
Nxe3 22. fxe3 Nxd4 23. Qf2 Nxf3+ 24. gxf3 Bxc3 25. bxc3 Qxc3 26. Rc1 Qe5 27.
Rb1 b5 28. e4 Re6 29. Rec1 c6 30. Qb6 Qd4+ 31. Qxd4 Rxd4 32. Rc2 Rg6+ 33. Kf2
Rd3 34. Rbc1 Ra3 35. Rxc6 Rxc6 36. Rxc6 Rxa2+ 37. Ke3 Ra4 38. f4 f6 39. e5 fxe5
40. fxe5 Kf7 41. Kd3 Ke7 42. Kc3 Rc4+ 43. Rxc4 bxc4 44. Kxc4 Ke6 0-1

[Event "AUT-ch (Women)"]
[Site "Feistritz an der Drau"]
[Date "2014.08.30"]
[Round "8"]
[White "Hiebler, Laura"]
[Black "Schnegg, Anna Lena"]
[Result "1/2-1/2"]
[WhiteElo "1901"]
[BlackElo "2050"]
[PlyCount "95"]
[EventDate "2014.08.24"]
[EventType "swiss"]
[EventRounds "9"]
[EventCountry "AUT"]
[SourceTitle "CBM 162 Extra"]
[Source "ChessBase"]
[SourceDate "2014.10.17"]
[SourceVersion "1"]
[SourceVersionDate "2014.10.17"]
[SourceQuality "1"]

1. e4 e5 2. Nf3 Nc6 3. c3 d5 4. Qa4 f6 5. Bb5 Nge7 6. exd5 Qxd5 7. d4 Bd7 8.
dxe5 Nxe5 9. Bxd7+ Qxd7 10. Qxd7+ Nxd7 11. Bf4 O-O-O 12. Nbd2 Nc5 13. O-O Nd3
14. Bg3 Nxb2 15. Nd4 c5 16. N4b3 Nf5 17. Ne4 Nxg3 18. hxg3 b6 19. a4 a5 20.
Rfb1 Nc4 21. Ra2 Ne5 22. f4 Nc4 23. Nbd2 Nxd2 24. Nxd2 c4 25. Nxc4 Bc5+ 26. Kh2
Kc7 27. Rab2 Rb8 28. Rb5 Rhg8 29. Nxa5 Ra8 30. Nc4 Rxa4 31. Nxb6 Bxb6 32. Rxb6
Rc4 33. Rb7+ Kd6 34. R1b6+ Rc6 35. Rxc6+ Kxc6 36. Rb4 Kc5 37. g4 g5 38. f5 Rc8
39. Re4 Kd5 40. Re6 Rxc3 41. Rxf6 Ke5 42. Re6+ Kf4 43. f6 Rc7 44. Kh3 Rc1 45.
Kh2 Kxg4 46. f7 Rf1 47. Re7 Kh5 48. f8=Q 1/2-1/2

[Event "TUR-chT"]
[Site "Kocaeli"]
[Date "2014.08.29"]
[Round "13.2"]
[White "Sevgi, Volkan"]
[Black "Oner, Oguz"]
[Result "1-0"]
[WhiteElo "2142"]
[BlackElo "1787"]
[PlyCount "77"]
[EventDate "2014.08.18"]
[EventType "team-tourn"]
[EventRounds "13"]
[EventCountry "TUR"]
[SourceTitle "CBM 162 Extra"]
[Source "ChessBase"]
[SourceDate "2014.10.17"]
[SourceVersion "1"]
[SourceVersionDate "2014.10.17"]
[SourceQuality "1"]
[WhiteTeam "Tarsus Zeka"]
[BlackTeam "Mersin Ezgi"]
[WhiteTeamCountry "TUR"]
[BlackTeamCountry "TUR"]

1. e4 e5 2. Nf3 Nc6 3. c3 d5 4. Qa4 f6 5. d3 Nge7 6. Nbd2 Be6 7. b4 a6 8. Qc2
Ng6 9. Nb3 Be7 10. h4 O-O 11. h5 Nh8 12. Nh4 f5 13. Nxf5 Bxf5 14. exf5 Rxf5 15.
Be2 Rf8 16. Rh3 Nf7 17. Nc5 Bxc5 18. bxc5 Qe7 19. Qb3 d4 20. Rg3 e4 21. dxe4
Qxe4 22. Rg4 Qe5 23. Bf4 Qe7 24. Kf1 Kh8 25. Qxb7 Rae8 26. Bf3 Nfe5 27. Re1
Qxc5 28. Bxc6 Nxg4 29. Bxe8 Rxf4 30. Qc8 Rxf2+ 31. Kg1 Rf8 32. Qxg4 dxc3+ 33.
Kh2 c2 34. h6 gxh6 35. Ba4 c1=Q 36. Rxc1 Qxc1 37. Qd4+ Kg8 38. Bb3+ Rf7 39. Qf6
1-0

[Event "South Wales op 11th"]
[Site "Cardiff"]
[Date "2014.08.27"]
[Round "6"]
[White "Waterfield, John"]
[Black "Bennett, Rhys"]
[Result "1/2-1/2"]
[WhiteElo "1934"]
[BlackElo "1834"]
[PlyCount "100"]
[EventDate "2014.08.25"]
[EventType "swiss"]
[EventRounds "9"]
[EventCountry "WLS"]
[SourceTitle "CBM 162 Extra"]
[Source "ChessBase"]
[SourceDate "2014.10.17"]
[SourceVersion "1"]
[SourceVersionDate "2014.10.17"]
[SourceQuality "1"]

1. e4 e5 2. Nf3 Nc6 3. c3 d5 4. Qa4 f6 5. Bb5 Nge7 6. exd5 Qxd5 7. O-O Bd7 8.
d4 e4 9. Ne1 Nc8 10. Be3 Nb6 11. c4 Nxa4 12. cxd5 Ne7 13. Bxa4 Bxa4 14. Nc3 Bd7
15. Bf4 O-O-O 16. d6 cxd6 17. Rc1 Nc6 18. Nxe4 d5 19. Nd6+ Bxd6 20. Bxd6 Bg4
21. f3 Rxd6 22. fxg4 h6 23. Nf3 Re8 24. Rfe1 Rde6 25. Kf2 Rxe1 26. Rxe1 Rxe1
27. Kxe1 Nb4 28. Kd2 Nxa2 29. Nh4 Kd7 30. Nf5 g6 31. Nxh6 Ke7 32. h4 Kf8 33. g5
f5 34. g4 f4 35. Ke2 Nb4 36. Kf3 Nd3 37. h5 Kg7 38. hxg6 Kxg6 39. Nf5 Kxg5 40.
Ne7 Nxb2 41. Nxd5 a5 42. Nxf4 a4 43. Ne2 a3 44. Nc1 b5 45. d5 b4 46. Ke4 Na4
47. Kd4 Kxg4 48. d6 Nb6 49. Kc5 Nd7+ 50. Kxb4 Kf5 1/2-1/2

[Event "San Francisco TNM Jay Whitehead op"]
[Site "San Francisco"]
[Date "2014.08.26"]
[Round "4"]
[White "Gerwin, Gene"]
[Black "Thornally, Frank"]
[Result "1-0"]
[WhiteElo "1906"]
[BlackElo "2200"]
[PlyCount "62"]
[EventDate "2014.08.05"]
[EventType "swiss"]
[EventRounds "9"]
[EventCountry "USA"]
[SourceTitle "EXT 2016"]
[Source "ChessBase"]
[SourceDate "2015.10.10"]
[SourceVersion "1"]
[SourceVersionDate "2015.10.10"]
[SourceQuality "1"]

1. e4 e5 2. Nf3 Nc6 3. c3 d5 4. d3 dxe4 5. dxe4 Qxd1+ 6. Kxd1 Bc5 7. Bb5 Bxf2
8. Nxe5 Nge7 9. Rf1 Bh4 10. Bf4 a6 11. Bxc6+ bxc6 12. Nf3 Bf6 13. Bxc7 Ng6 14.
Nbd2 Be6 15. Nd4 Bg4+ 16. Kc2 Kd7 17. Bg3 c5 18. N4f3 Rhe8 19. h3 Be6 20. Rad1
Kc6 21. b3 Rad8 22. Bh2 Rd7 23. g4 h6 24. e5 Be7 25. c4 f5 26. exf6 Bxf6 27.
Rfe1 Rde7 28. Ne4 Bxg4 29. Rd6+ Kb7 30. Nxc5+ Kc8 31. Rc6+ Kd8 1-0

[Event "USA tt"]
[Site "ICC INT"]
[Date "2014.08.26"]
[Round "1"]
[White "Adamson, Robby"]
[Black "Sang, Tian"]
[Result "1-0"]
[WhiteElo "2265"]
[BlackElo "2287"]
[PlyCount "69"]
[EventDate "2014.08.26"]
[EventType "team-tourn"]
[EventRounds "10"]
[EventCountry "USA"]
[SourceTitle "CBM 162 Extra"]
[Source "ChessBase"]
[SourceDate "2014.10.17"]
[SourceVersion "1"]
[SourceVersionDate "2014.10.17"]
[SourceQuality "1"]
[WhiteTeam "Arizona"]
[BlackTeam "Seattle"]
[WhiteTeamCountry "USA"]
[BlackTeamCountry "USA"]

1. e4 e5 2. Nf3 Nc6 3. c3 d5 4. Qa4 dxe4 5. Nxe5 Qd5 6. Nxc6 bxc6 7. Bc4 Qd7 8.
O-O Nf6 9. d3 exd3 10. Bxd3 Bb7 11. Qc2 g6 12. Re1+ Be7 13. Bc4 O-O 14. Nd2 c5
15. Bf1 Rfe8 16. Nc4 Bd6 17. Rxe8+ Rxe8 18. Bd2 Be4 19. Qc1 Qf5 20. Nxd6 cxd6
21. Bf4 Re6 22. Qd2 Bd5 23. f3 Nh5 24. Bh6 Qe5 25. Rd1 Nf6 26. Bf4 Qh5 27. c4
Bxf3 28. gxf3 Qxf3 29. Bg2 Qg4 30. h3 Qh5 31. Re1 Rxe1+ 32. Qxe1 Qf5 33. Bxd6
Qd3 34. Qe7 Qd4+ 35. Kh1 1-0

[Event "London Golders Green op 4th"]
[Site "London"]
[Date "2014.08.25"]
[Round "6"]
[White "Durrant, Paul EO"]
[Black "Huang, Dion"]
[Result "0-1"]
[WhiteElo "1907"]
[BlackElo "1789"]
[PlyCount "62"]
[EventDate "2014.08.23"]
[EventType "swiss"]
[EventRounds "6"]
[EventCountry "ENG"]
[SourceTitle "OM OTB B 201907"]
[Source "Opening Master"]
[SourceDate "2019.07.06"]
[SourceVersion "2"]
[SourceVersionDate "2019.07.06"]
[SourceQuality "1"]

1. e4 e5 2. Nf3 Nc6 3. c3 d6 4. d4 Be7 5. h3 Nf6 6. Be3 Nxe4 7. d5 Nb8 8. Qa4+
Bd7 9. Qxe4 f5 10. Qc4 Bf6 11. Be2 a6 12. a4 b5 13. axb5 axb5 14. Rxa8 bxc4 15.
Ba7 O-O 16. Rxb8 Qe7 17. Rxf8+ Qxf8 18. Be3 f4 19. Bc1 e4 20. Nh2 Bh4 21. Na3
e3 22. Nxc4 Bxf2+ 23. Kf1 Qf5 24. Na3 Qxd5 25. Ng4 Bc6 26. Bc4 Bb5 27. Bxe3
Bxc4+ 28. Kxf2 fxe3+ 29. Nxe3 Qd2+ 30. Kf3 Be2+ 31. Ke4 Qd3+ 0-1

[Event "South Wales op 11th"]
[Site "Cardiff"]
[Date "2014.08.25"]
[Round "1"]
[White "Rovaretti, David"]
[Black "Staniforth, Matthew"]
[Result "0-1"]
[WhiteElo "1483"]
[BlackElo "1884"]
[PlyCount "44"]
[EventDate "2014.08.25"]
[EventType "swiss"]
[EventRounds "9"]
[EventCountry "WLS"]
[SourceTitle "CBM 162 Extra"]
[Source "ChessBase"]
[SourceDate "2014.10.17"]
[SourceVersion "1"]
[SourceVersionDate "2014.10.17"]
[SourceQuality "1"]

1. e4 e5 2. Nf3 Nc6 3. c3 d5 4. exd5 Qxd5 5. d3 Nf6 6. Be3 Bf5 7. Qb3 O-O-O 8.
Qxd5 Nxd5 9. d4 exd4 10. Nxd4 Nxe3 11. fxe3 Nxd4 12. exd4 Re8+ 13. Kf2 c5 14.
d5 Be4 15. c4 Be7 16. Rg1 Bf6 17. Nc3 Bd4+ 18. Kg3 Bxg1 19. Nb5 Kd7 20. Nxa7 h5
21. h4 Rh6 22. Kh3 Rg6 0-1

[Event "Rewal op-A 19th"]
[Site "Rewal"]
[Date "2014.08.23"]
[Round "5"]
[White "Woloch, Oskar"]
[Black "Renkowski, Piotr"]
[Result "0-1"]
[WhiteElo "1914"]
[BlackElo "2156"]
[PlyCount "52"]
[EventDate "2014.08.19"]
[EventType "swiss"]
[EventRounds "9"]
[EventCountry "POL"]
[SourceTitle "EXT 2015"]
[Source "ChessBase"]
[SourceDate "2014.11.20"]
[SourceVersion "1"]
[SourceVersionDate "2014.11.20"]
[SourceQuality "1"]

1. e4 e5 2. Nf3 Nc6 3. c3 d5 4. Qa4 Nf6 5. d4 Bd7 6. Bb5 Nxe4 7. dxe5 Bc5 8.
O-O a6 9. Bxc6 Bxc6 10. Qc2 Bb5 11. Nd4 Bxf1 12. Kxf1 O-O 13. Nd2 Nxd2+ 14.
Qxd2 Qe7 15. Qg5 Qxg5 16. Bxg5 Bxd4 17. cxd4 f6 18. Bf4 fxe5 19. Bxe5 c6 20.
Rc1 Rae8 21. Rc3 Rf7 22. b4 Rxe5 23. dxe5 Rf4 24. a3 Re4 25. Rc5 Kf7 26. f3
Rxe5 0-1